000 00634nam a2200169 a 4500
001 0738
005 20140414131850.0
008 040927s19uu xx 00 eng d
050 _aM 599
_bN23 1993
100 _aNayer, Judy
245 _aMammals at your fingertips /
_cwritten by Judy Nayer ; illustrated by Grace Goldberg.
260 _aNew York :
_bMcClanahan Book,
_c1993.
300 _ap. : ill. ; cm.
440 _aAt your fingertips
520 _aMammals tours the regions of the world to visit with your favourite warm-blooded creatures, from pandas and koalas to tigers, elephants, giraffes, amd whales.
999 _c110166
_d110166